000 00441nam a22001817a 4500
003 OSt
008 250424b |||||||| |||| 00| 0 eng d
020 _a9781032515816
082 _a005.133 ARD
100 _aARIT,Tariq M
245 _aDeep Learning for Engineers
250 _a1st Ed
260 _aNew York
_bCRC Press
_c2024
300 _a157
650 _aDeep Learning for Engineers
700 _aRAHIM,MD Adilur
942 _2ddc
_cREF
999 _c13412
_d13412